000 00379nam a22001457a 4500
005 20251108164830.0
008 250721s1983 xx 000 0 ara d
082 1 4 _a616.462/أنت
245 1 0 _aأنت و السكر /
264 1 _aالقاهره :
_bدار الهلال،
_c1983.
300 _a83ص : مص
650 1 7 _aمرض السكر
942 _2ddc
_cBK
999 _c15408
_d15408